Web development recipes / (Record no. 59119)
[ view plain ]
| 000 -LEADER | |
|---|---|
| fixed length control field | 01465cam a22003857a 4500 |
| 001 - CONTROL NUMBER | |
| control field | 17284619 |
| 003 - CONTROL NUMBER IDENTIFIER | |
| control field | OSt |
| 005 - DATE AND TIME OF LATEST TRANSACTION | |
| control field | 20160920020005.0 |
| 008 - FIXED-LENGTH DATA ELEMENTS--GENERAL INFORMATION | |
| fixed length control field | 120503s2012 ncua b 001 0 eng d |
| 010 ## - LIBRARY OF CONGRESS CONTROL NUMBER | |
| LC control number | 2011277206 |
| 016 7# - NATIONAL BIBLIOGRAPHIC AGENCY CONTROL NUMBER | |
| Record control number | 015904430 |
| Source | Uk |
| 020 ## - INTERNATIONAL STANDARD BOOK NUMBER | |
| International Standard Book Number | 9781934356838 |
| 020 ## - INTERNATIONAL STANDARD BOOK NUMBER | |
| International Standard Book Number | 1934356832 |
| 035 ## - SYSTEM CONTROL NUMBER | |
| System control number | (OCoLC)ocn748331159 |
| 040 ## - CATALOGING SOURCE | |
| Original cataloging agency | BTCTA |
| Language of cataloging | eng |
| Transcribing agency | BTCTA |
| Modifying agency | UKMGB |
| -- | SA$ |
| -- | YDXCP |
| -- | IAD |
| -- | BDX |
| -- | BWX |
| -- | ORX |
| -- | G7G |
| -- | ZWZ |
| -- | WAU |
| -- | OCLCF |
| -- | DLC |
| 042 ## - AUTHENTICATION CODE | |
| Authentication code | lccopycat |
| 050 00 - LIBRARY OF CONGRESS CALL NUMBER | |
| Classification number | TK5105.888 |
| Item number | .W3722 2012 |
| 082 04 - DEWEY DECIMAL CLASSIFICATION NUMBER | |
| Classification number | 006.7/6 |
| Edition number | 23 |
| 245 00 - TITLE STATEMENT | |
| Title | Web development recipes / |
| Statement of responsibility, etc | Brian P. Hogan ... [et al.]. |
| 260 ## - PUBLICATION, DISTRIBUTION, ETC. (IMPRINT) | |
| Place of publication, distribution, etc | Dallas, Tex. : |
| Name of publisher, distributor, etc | Pragmatic Bookshelf, |
| Date of publication, distribution, etc | 2012. |
| 300 ## - PHYSICAL DESCRIPTION | |
| Extent | xv, 321 p. : |
| Other physical details | ill. ; |
| Dimensions | 23 cm. |
| 490 1# - SERIES STATEMENT | |
| Series statement | Pragmatic programmers |
| 504 ## - BIBLIOGRAPHY, ETC. NOTE | |
| Bibliography, etc | Includes bibliographical references (p. [309]) and index. |
| 505 0# - FORMATTED CONTENTS NOTE | |
| Formatted contents note | Eye-candy recipes -- User interface recipes -- Data recipes -- Mobile recipes -- Workflow recipes -- Testing recipes -- Hosting and deployment recipes. |
| 650 #0 - SUBJECT ADDED ENTRY--TOPICAL TERM | |
| Topical term or geographic name as entry element | Web site development. |
| 9 (RLIN) | 27161 |
| 650 #0 - SUBJECT ADDED ENTRY--TOPICAL TERM | |
| Topical term or geographic name as entry element | Web sites |
| General subdivision | Design. |
| 9 (RLIN) | 27162 |
| 650 #7 - SUBJECT ADDED ENTRY--TOPICAL TERM | |
| Topical term or geographic name as entry element | Web site development. |
| Source of heading or term | fast |
| 9 (RLIN) | 27163 |
| 650 #7 - SUBJECT ADDED ENTRY--TOPICAL TERM | |
| Topical term or geographic name as entry element | Web sites |
| General subdivision | Design. |
| Source of heading or term | fast |
| 9 (RLIN) | 27164 |
| 700 1# - ADDED ENTRY--PERSONAL NAME | |
| Personal name | Hogan, Brian P. |
| 9 (RLIN) | 27165 |
| 830 #0 - SERIES ADDED ENTRY--UNIFORM TITLE | |
| Uniform title | Pragmatic programmers. |
| 9 (RLIN) | 27166 |
| 906 ## - LOCAL DATA ELEMENT F, LDF (RLIN) | |
| a | 7 |
| b | cbc |
| c | copycat |
| d | 2 |
| e | ncip |
| f | 20 |
| g | y-gencatlg |
| 942 ## - ADDED ENTRY ELEMENTS (KOHA) | |
| Source of classification or shelving scheme | Library of Congress Classification |
| Koha item type | Books |
| Koha issues (borrowed), all copies | 4 |
| Withdrawn status | Lost status | Source of classification or shelving scheme | Damaged status | Not for loan | Collection code | Home library | Current library | Shelving location | Date acquired | Source of acquisition | Cost, normal purchase price | Total Checkouts | Full call number | Barcode | Date last seen | Date checked out | Copy number | Price effective from | Koha item type |
|---|---|---|---|---|---|---|---|---|---|---|---|---|---|---|---|---|---|---|---|
| Library of Congress Classification | General Circulation | AIU/NEGST - Tony Wilmot Memorial Library | AIU/NEGST - Tony Wilmot Memorial Library | General Stacks | 05/23/2014 | Purchase -TBN | 19.98 | 4 | TK 5105.888.W3722 2012 | R29145A3232 | 10/11/2022 | 09/22/2022 | 1 | 05/23/2014 | Books | ||||
| Library of Congress Classification | General Circulation | AIU/NEGST - Tony Wilmot Memorial Library | AIU/NEGST - Tony Wilmot Memorial Library | General Stacks | 05/23/2014 | Purchase -TBN | 19.44 | 1 | TK 5105.888.W3722 2012 | R29146J3232 | 09/26/2019 | 03/13/2015 | 2 | 05/23/2014 | Books |
